| 000 -LEADER |
| fixed length control field |
00877nam a22001577a 4500 |
| 003 - CONTROL NUMBER IDENTIFIER |
| control field |
OSt |
| 005 - DATE AND TIME OF LATEST TRANSACTION |
| control field |
20151209104114.0 |
| 008 - FIXED-LENGTH DATA ELEMENTS--GENERAL INFORMATION |
| fixed length control field |
151209b xxu||||| |||| 00| 0 eng d |
| 040 ## - CATALOGING SOURCE |
| Transcribing agency |
RUA |
| 082 ## - DEWEY DECIMAL CLASSIFICATION NUMBER |
| Classification number |
ATM OUK 2007 B194 Or.1 |
| 100 ## - MAIN ENTRY--PERSONAL NAME |
| 9 (RLIN) |
4578 |
| Personal name |
OUK SOPHORN; អ៊ុក សោភាន់ |
| 245 ## - TITLE STATEMENT |
| Title |
The participation of local community to manage community in regional protection natural at promoy commune,eval veng district, pursat province, ការចូលរួមរបស់សហគមន៍មូលដ្ឋានក្នុងការគ្រប់គ្រងសហគមន៍តំបន់ការពារធនធានធម្មជាតិ នៅឃុំប្រម៉ោយ ស្រុកវាលវែង ខេត្តពោធិសាត់. |
| 260 ## - PUBLICATION, DISTRIBUTION, ETC. (IMPRINT) |
| Place of publication, distribution, etc. |
Phnom Penh |
| Name of publisher, distributor, etc. |
RUA |
| Date of publication, distribution, etc. |
2007 |
| 300 ## - PHYSICAL DESCRIPTION |
| Extent |
xii; 42p. |
| Other physical details |
ill. |
| Dimensions |
29cm. |
| 942 ## - ADDED ENTRY ELEMENTS (KOHA) |
| Source of classification or shelving scheme |
|
| Koha item type |
ATM |